000
00343nam a2200145Ia 4500
008
150201s2003 xx 000 0 und d
082
_a
612
_b
P2003J
100
_a
JAIN,AK
245
_a
TEXT BOOK OF PHYSIOLOGY
250
_a
2ND
260
_b
AVICHAL PUBLISHING CO.
_a
DELHI
_c
2003
300
_a
1-570
650
_a
PHYSIOLOGY
942
_2
ddc
_c
BK
999
_c
2900
_d
2900